00282nam a2200109Ia 4500008004100000020001500041100003200056245004000088250000700128260002700135300001000162211105s9999 xx 000 0 und d aVYASA11077 aShastri Vidyasagar K. L. V. 0aSanskritadwitiyadarshaha Reader Iii a\N bR.S. Vadyar & Sonsc\N a129p.